000 00536nam a22001817a 4500
003 OSt
005 20251125113044.0
008 251125b |||||||| |||| 00| 0 eng d
020 _a981-243-209-4.
040 _aDWCL-Main lib
_cOC
082 _213th ed.
_aCirc. 657 C323 2002
100 _aCarter, William K.
245 _aCost accounting 13th ed./
_cCarter, William K.
260 _aPacific Grove :
_bThomson learning,
_cc2002.
300 _avarious paging ;
_c25 cm.
650 _aAccounting.
942 _2ddc
_cBK-CIRC
_e13th ed.
_kCirc.
_n0
999 _c6236
_d6236